000 00598nam a2200217Ia 4500
005 20250508165100.0
008 008 250505s9999 xx 000 0 eng d
020 _a0-19-563225-7
037 _aTextual
040 _aFEDL
_beng
_cFEDL
041 _aeng
_2eng
084 _a954.092, MUK
_qFEDL
100 _aMukerjee Hiren
245 0 _aGentle colossus: A study of Jawaharlal Nehru
260 _aNew Delhi, India
_bOxford University Press
_c1992
300 _a239p.
365 _aINR
_b100
546 _aMACESE
942 _cTEXL
_h954.092, MUK
999 _c1393057
_d1393057